Language Quiz

Random Language Quiz

Từ vựng bài 11 phần 1 Việt - Nhật Quiz Stats

 Plays Quiz not verified by Sporcle

Score 0/31 Timer 10:00
1 Play Today
Hint Answer % Correct
ở Nhậtにほんにいます
100%
nghỉ làm việcやすみます
100%
một cáiひとつ
100%
hai cáiふたつ
100%
ba cáiみっつ
100%
bốn cáiよっつ
100%
sáu cáiむっつ
100%
bảy cáiななつ
100%
chín cáiここのつ
100%
mấy cáiいくつ
100%
một ngườiひとり
100%
hai ngườiふたり
100%
ngườiにん
100%
cái đếm máy mócだい
100%
tờ tấmまい
100%
lầnかい
100%
Hint Answer % Correct
táoりんご
100%
quýtみかん
100%
có conこどもがいます
92.9%
năm cáiいつつ
92.9%
tám cáiやっつ
92.9%
temきって
92.9%
mất tốnかかります
85.7%
mười cáiとお
85.7%
phong bìふうとう
85.7%
bánh sandwichサンドイッチ
78.6%
kemアイスクリーム
78.6%
bưu thiếpはがき
78.6%
bưu phẩm gửi bảo đảmかきとめ
78.6%
món cariカレーライス
71.4%
bưu phẩm gửi nhanhそくたつ
64.3%

You're not logged in!

Compare scores with friends on all Sporcle quizzes.
OR
Log In

Sporcle TV

Today on Sporcle TV


Watch our educational content, quiz creation guides, and fun videos on Sporcle TV.

Show Comments

Extras

Created Sep 6, 2019ReportNominate

Top Quizzes Today


Score Distribution

Your Account Isn't Verified!

In order to create a playlist on Sporcle, you need to verify the email address you used during registration. Go to your Sporcle Settings to finish the process.

Report this User

Report this user for behavior that violates our Community Guidelines.

Details: